Introduction to computer science with C++ / (Record no. 147)
[ view plain ]
| 000 -LEADER | |
|---|---|
| fixed length control field | 01085nac a22002411u 4500 |
| 008 - FIXED-LENGTH DATA ELEMENTS--GENERAL INFORMATION | |
| fixed length control field | 111220s200 cau|||||r|||| 00| 0 eng d |
| 010 ## - LIBRARY OF CONGRESS CONTROL NUMBER | |
| LC control number | 99026729 |
| 020 ## - INTERNATIONAL STANDARD BOOK NUMBER | |
| International Standard Book Number | 053436893X |
| 035 ## - SYSTEM CONTROL NUMBER | |
| System control number | (DLC) 99026729 |
| 082 00 - DEWEY DECIMAL CLASSIFICATION NUMBER | |
| Classification number | 005.133 |
| Item number | LAM |
| Edition number | 22 |
| 100 ## - MAIN ENTRY--PERSONAL NAME | |
| Personal name | Lambert, Kenneth Alfre |
| 9 (RLIN) | 28191 |
| 245 10 - TITLE STATEMENT | |
| Title | Introduction to computer science with C++ / |
| Statement of responsibility, etc | Kenneth A. Lambert, Douglas W. Nance, Thomas L. Naps. |
| 250 ## - EDITION STATEMENT | |
| Edition statement | 2nd ed. |
| 260 ## - PUBLICATION, DISTRIBUTION, ETC. (IMPRINT) | |
| Place of publication, distribution, etc | Pacific Grove, CA : |
| Name of publisher, distributor, etc | Brooks/Cole,2000 |
| Date of publication, distribution, etc | c2000. |
| 300 ## - PHYSICAL DESCRIPTION | |
| Extent | xxiv, 999 p. : |
| Other physical details | ill. ; |
| Dimensions | 26 cm. |
| 650 #0 - SUBJECT ADDED ENTRY--TOPICAL TERM | |
| Topical term or geographic name as entry element | Computer science. |
| 9 (RLIN) | 28192 |
| 650 #0 - SUBJECT ADDED ENTRY--TOPICAL TERM | |
| Topical term or geographic name as entry element | C++ (Computer program language) |
| 9 (RLIN) | 28193 |
| 700 1# - ADDED ENTRY--PERSONAL NAME | |
| Personal name | Nance, Douglas W. |
| 9 (RLIN) | 28194 |
| 700 1# - ADDED ENTRY--PERSONAL NAME | |
| Personal name | Naps, Thomas L. |
| 9 (RLIN) | 28195 |
| 942 ## - ADDED ENTRY ELEMENTS (KOHA) | |
| Item type | Book - Borrowing |
| Call number prefix | 005.133L2221 |
| Source of classification or shelving scheme | Dewey Decimal Classification |
| Withdrawn status | Item status | Damaged status | Not for loan | Home library | Current library | Shelving location | Date acquired | Source of acquisition | Total Checkouts | Total Renewals | Full call number | Barcode | Date last seen | Date last borrowed | Cost, replacement price | Koha item type |
|---|---|---|---|---|---|---|---|---|---|---|---|---|---|---|---|---|
| Central Library | Central Library | Lower Floor | 30/01/2006 | Purchase | 13 | 5 | 005.133 LAM | 000004601 | 15/07/2025 | 14/11/2023 | 220.00 | Book - Borrowing | ||||
| Central Library | Central Library | Lower Floor | 30/01/2006 | Purchase | 12 | 9 | 005.133 LAM | 000004600 | 15/07/2025 | 30/10/2023 | 220.00 | Book - Borrowing | ||||
| Central Library | Central Library | Lower Floor | 30/01/2006 | Purchase | 1 | 005.133 LAM | 000004599 | 15/07/2025 | 30/10/2008 | 220.00 | NB - Book (Non borrowing) |